01235nam a2200313 a 4500001001200000003000800012006001900020007001500039008004100054020002300095020002300118020002700141040002100168035002100189050002300210082001500233100002100248245008400269260003400353300002700387490004700414504005100461533015200512600005900664650002600723655002900749710001700778856012600795ebr10713152CaPaEBRm o u cr cn|||||||||130606s2013 enka sb 001 0deng d z9781780764238 (pb) z9781780764221 (hb) z9780857721952 (e-book) aCaPaEBRcCaPaEBR a(OCoLC)84436130514aNA680b.M37 2013eb04a720.922231 aMasheck, Joseph.10aAdolf Loosh[electronic resource] :bthe art of architecture /cJoseph Masheck. aLondon :bI.B. Tauris,c2013. axxviii, 290 p. :bill.0 aInternational library of architecture ;v1 aIncludes bibliographical references and index. aElectronic reproduction.bPalo Alto, Calif. :cebrary,d2013.nAvailable via World Wide Web.nAccess may be limited to ebrary affiliated libraries.10aLoos, Adolf,d1870-1933xCriticism and interpretation. 0aArt and architecture. 7aElectronic books.2local2 aebrary, Inc.40uhttp://site.ebrary.com/lib/rucke/Doc?id=10713152zAn electronic book accessible through the World Wide Web; click to view